MDQL
is popping MORE tags! Check the
thread
!
Quizzes
Events
Quiz Creation
Community
Videos
Private Events
Remove Ads
Sign In
Join for FREE
Feedback
Dark Mode
Quiz Categories
Sports
Geography
Music
Movies
Television
Just For Fun
Miscellaneous
History
Literature
Language
Science
Gaming
Entertainment
Religion
Holiday
For Kids
Quiz Lab
Recent
Popular Today
Quiz Kudos Today
Editor Picks
Curator Picks
Quizzes by...
Day
Popularity
Type
Ratings
Length
Year
Community
Subscriptions
Recent Discussions
Orange Saloon
Badges
Playlists
Quests
Create
Leaderboards
Showdown
Live 5
Trivia Bingo
Activity
Puzzle Library
Sporcle Events
Private Events
Virtual Trivia
Globe League
Become a Host
Pub Owners
SporcleCon
Opinionation
Our Games
Videos
Blog
Mobile Apps
Partnerships
Remove Ads and Go Orange
Feedback
Literature
Harry Potter
A Song of Ice and Fire
The Hunger Games
Literary Character
Shakespeare
Book
Author
Novel
Poem
Young Adult
Children's Books
Play
Lord of the Rings
Literature
Harry Potter
A Song of Ice and Fire
The Hunger Games
Literary Character
Shakespeare
Book
Author
Novel
Poem
Young Adult
Children's Books
Play
Lord of the Rings
Random Quiz
Search Sporcle
×
Quiz Lab
Quiz Lab
Literature
profile
Type in answers that appear in a list
Type in answers that appear in a list
Classic
Best Score? Go Orange.
Profile: Hermione Granger Stats
Can you name the Profile: Hermione Granger?
By
MaeganC
10m
32 Questions
83 Plays
83 Plays
83 Plays
Comments
Comments
Give Quiz Kudos
Give Quiz Kudos
-
- Ratings
hide this ad
Replay
Link that replays current quiz
Next Quiz
Link to next quiz in quiz playlist
You Got
0%
They Got
Avg Score
58%
Avg Friend Score
Upgrade to see
Score Distribution
Jump to the score distribution portion of the page
Score
0/32
Timer
10:00
0
Plays Today
Hint
Answer
% Correct
School
Hogwarts School of Witchcraft and Wizardry
94%
Best Friends
Ron Weasley
94%
Spouse
Ron Weasley
94%
Best Friends
Harry Potter
91.6%
Hair and Eye Colour
Brown
89.2%
House
Gryffindor
85.5%
Pet
Crookshanks
84.3%
Children
Rose Granger-Weasley
79.5%
Children
Hugo Granger-Weasley
78.3%
Patronus
Otter
77.1%
First Kiss
Viktor Krum
72.3%
Club founded
The Society for the Promotion of Elfish Welfare (S.P.E.W)
71.1%
Birth Year
1979
68.7%
Nephews
Albus Severus Potter
68.7%
Nephews
James Sirius Potter
66.3%
Dorm-
mates
Lavender Brown
65.1%
Hint
Answer
% Correct
Nieces
Lily Luna Potter
63.9%
Wand Core
Dragon Heartstring
59%
Dorm-
mates
Parvati Patil
56.6%
Nephews
Fred Weasley II
54.2%
Birthday
September 19
45.8%
Nieces
Molly Weasley II
44.6%
Nieces
Victoire Weasley
42.2%
Nieces
Roxanne Weasley
39.8%
Nephews
Louis Weasley
38.6%
Nieces
Lucy Weasley
36.1%
Nieces
Dominique Weasley
32.5%
Wand Wood
Vine Wood
22.9%
Parents' Australian Pseudonyms
Wendell Wilkins
15.7%
Parents' Australian Pseudonyms
Monica Wilkins
15.7%
Wand Length
10.75 inches
10.8%
Career
Deputy Head of the Department of Magical Law Enforcement
6%
Quiz Playlist
Details
Report
Send in Message
Add To Playlist
Classic:
Type in answers that appear in a list
Last Updated: Aug 16, 2017
Quiz Scoreboard
CHALLENGE
Sign Up to Join the Scoreboard
Show All
Scores
Hide
Comments
May contain spoilers
Recently Published
Street Fighter Characters
by Artimus82
Gaming
60s
9x9 Crossword: Cartoon Network
by jackfrog10
Miscellaneous
3m
College Basketball Coaching Resumes
by pancakes188
Sports
9m
More to Explore
Quiz From the Vault
Featured Blog Post
Where Did the Easter Bunny Come From?
hide this ad
You Might Also Like...
Tags
profile
Today's Top Quizzes in Literature
Browse Literature
hide this ad
Today's Top Quizzes in profile
Browse profile
Top Contributed Quizzes in Literature
1
Sneaky Slytherin Logic Puzzle
2
Get The Picture: Black or White Literature
3
5-to-1: Plays
4
A Court of Thorns and Roses (ACoTaR) Logic Puzzle
5
One Thing in Common: Literature
6
One Thing in Common: Literature II
7
One Thing in Common: Literature 3
8
One Thing in Common: Books
9
Literary Siblings Odd One Out III
10
Harry Potter Neighbourly Logic Puzzle #1
Explore More
Trending Topics
Marvel
Crossword
Disney
NBA
Kpop
Anime
Harry Potter
WWE
NFL
The Office
Puzzle
Song
Soccer
Pokémon
Country
hide this ad
More By:
MaeganC
Quiz
Plays
Rating
Category
Featured
Created
Canadian Provinces, Territories, and Capitals
15,173
4.00
Geography
Jan 5, 2017
Harry Potter Clickable
839
3.75
Literature
Jan 5, 2017
Famous First Lines
272
3.67
Literature
Jan 5, 2017
Profile: Harry Potter
169
5.00
Literature
Jan 6, 2017
Authors of Classic Literature
143
5.00
Literature
Jan 4, 2017
Go to Creator's Profile
Score Distribution
Quiz Creator Spotlight
MaeganC
Follow
Send a Message
Quizzes Created
-
Created Quiz Play Count
-
More By This Creator
Popular Quizzes Today
1
Find the US States - No Outlines Minefield
2
Find the Countries of Europe - No Outlines Minefield
3
The Countries of the World
4
Find the US States
5
Risky Map Clicking: Biggest States A-Z
6
US States
7
Popular People in 1961
8
Movies - When Are They Set?
More Literature Quizzes
LOTR Ringbearer Rivalry
Published
Trending Quizzes
Risky Map Clicking: Least Populous States A-Z
1-10 Letter G Words
Risky Map Clicking: Next State Alphabetically
Adjectives in 80s TV Shows
The Seven Year Switch: Catherine
Recently Updated
Leaping Animals
pecheneg
Reality TV Shows (A-Z)
bhenderson79
Rickey Henderson's Hall of Fame Teammates
pecheneg
Champions League XIs: Arsenal
pecheneg
Quick Pick: Celebrities in WWE's Hall of Fame
aduchscher
A-Z Keypad Blitz II
pecheneg
Multiple Oscar Actors
pecheneg
Mystery Phrase Blitz: Oscar 'Best Actors'
pecheneg
F. Scott Fitzgerald Novels
LTH
Pick 3 Villains
ddd62291
Trending Topics
Marvel
NBA
Kpop
Harry Potter
Disney
Anime
Crossword
Country
The Office
Soccer
Song
NFL
Puzzle
Pokémon
WWE
Your Account Isn't Verified!
In order to create a playlist on Sporcle, you need to verify the email address you used during registration. Go to your
Sporcle Settings
to finish the process.
Report this User
Report this user for behavior that violates our
Community Guidelines
.
Details:
Send Report
Go to the Sporcle.com Mobile Site →
Comments